Pequeño censo de 1927

Kaydedildi:
Detaylı Bibliyografya
Yazar: Canton, Darío (Yazar)
Diğer Yazarlar: Moreno, José Luis (autor)
Materyal Türü: Kitap
Dil:İspanyolca
Baskı/Yayın Bilgisi: Buenos Aires Del Instituto 1971
Seri Bilgileri:Sociologia
Konular:
Etiketler: Etiketle
Etiket eklenmemiş, İlk siz ekleyin!

MARC

LEADER 00000nam a2200000 a 4500
001 UCI9193
003 CL-VaPUC
008 081030e19710000AG |||||||||||||||||spa|d
082 0 4 |a 352.75982  |b CAN  |2 21 
100 |a Canton, Darío  |e author  |9 532804 
700 |a Moreno, José Luis  |e autor  |9 532805 
245 1 0 |a Pequeño censo de 1927 
300 |a 254 p 
942 |c BK 
945 |d 20081030 00:00:00  |a rbrito 
260 |a Buenos Aires  |b Del Instituto  |c 1971 
650 7 |a CENSOS 1927  |2 CL-VaPUC  |9 532806 
650 0 |a Estadísticas  |9 258644 
650 0 |a Población  |9 257577 
650 0 |a Demografía   |9 260008 
651 0 |a Argentina  |9 254888 
583 |a last modification  |c 20081030 00:00:00  |k Rodrigo Vera 
490 0 |a Sociologia 
999 |c 331780  |d 331778 
952 |0 0  |1 0  |4 0  |6 352_759820000000000_CAN_1971  |7 0  |8 A  |9 418889  |a BIBHIS  |b BIBHIS  |d 2019-11-22  |i 4492625  |o 352.75982 CAN 1971  |p 4492625  |r 2025-01-20  |w 2019-11-22  |y BK  |k HIS